Land vs. Land #171 - Statistiken

Allgemein
  • Dieses Quiz wurde 15 mal gespielt
  • Das Durchschnittsergebnis liegt bei 12 aus 14
Antwortstatistiken
Frage Antwort % Korrekt
...Fläche? Deutschland🇩🇪
100%
...Einwohner? Deutschland🇩🇪
93%
...Bruttoinlandsprodukt? Deutschland🇩🇪
93%
...Bruttoinlandsprodukt pro Kopf? Deutschland🇩🇪
93%
...Militär? Deutschland🇩🇪
93%
...Gesundheitswesen? Deutschland🇩🇪
93%
...Lebenserwartung? Deutschland🇩🇪
93%
...durchschnittlicher IQ? Deutschland🇩🇪
93%
...Exportmengen? Deutschland🇩🇪
93%
...Gewinner? Deutschland🇩🇪
93%
...Tourismus? Deutschland🇩🇪
86%
...HDI (Human Development Index)? Deutschland🇩🇪
86%
...Frieden? Deutschland🇩🇪
79%
...Happy Planet Index? Jamaika🇯🇲
36%
Keine übereinstimmenden Quizze gefunden
Verteilung der Resultate
Anzahl Personen mit jedem Resultat
Perzentil nach korrekt beantworteten Fragen
Ihre Resultats-Entwicklung
Sie haben dieses Quiz noch nicht gespielt